000 00866cab a2200253 4500
001 WB2843-47
008 090401t1992 xxu||||| |||| 00| 0 eng d
035 _a(Sirsi) u55394
041 _aeng
245 _aRICS President promotes profession
260 _c1992
350 _a0
490 _aRICS Press Release
_v(PR/152a/92) 2 November 1992 (4)
520 _aChristopher Jonas addressed students at the University of Reading, stressing the size of the property market and new RICS strategies to enable surveyors to consolidate and extend their role in these markets.
650 _aCHARTERED SURVEYING
650 _aABOUT RICS-RICS MEMBERS
650 _aPROPERTY MARKET
650 _aRELEVANCE
650 _aRICS
650 _aROLE OF SURVEYOR
690 _aMANAGEMENT-BUSINESS MANAGEMENT-PROFESSIONAL PRACTICE
942 _n0
948 _c04/03/1997
999 _c33837
_d33837